logo

Bir Sreshtho Munshi Abdur Rouf Library
Jhenaidah Cadet College

The fault in our stars / (Record no. 10599)

MARC details
000 -LEADER
fixed length control field 01020nam a2200301 a 4500
001 - CONTROL NUMBER
control field 10599
003 - CONTROL NUMBER IDENTIFIER
control field BD-JhCC
005 - DATE AND TIME OF LATEST TRANSACTION
control field 20230119134024.0
008 - FIXED-LENGTH DATA ELEMENTS--GENERAL INFORMATION
fixed length control field 180728s2012 nyu d 000 1 eng
010 ## - LIBRARY OF CONGRESS CONTROL NUMBER
LC control number 2011045783
020 ## - INTERNATIONAL STANDARD BOOK NUMBER
International Standard Book Number 9780525478812 (hardcover : alk. paper)
020 ## - INTERNATIONAL STANDARD BOOK NUMBER
International Standard Book Number 978014135507
035 ## - SYSTEM CONTROL NUMBER
System control number (BD-JhCC)10599
040 ## - CATALOGING SOURCE
Original cataloging agency DLC
Transcribing agency DLC
Modifying agency DLC
-- BD-JhCC
042 ## - AUTHENTICATION CODE
Authentication code lcac
-- pcc
050 00 - LIBRARY OF CONGRESS CALL NUMBER
Classification number PZ7.G8233
Item number Fau 2012
082 00 - DEWEY DECIMAL CLASSIFICATION NUMBER
Classification number 813.6
Edition number 23
Item number GRE 2012
100 1# - MAIN ENTRY--PERSONAL NAME
Personal name Green, John,
Dates associated with a name 1977-
245 14 - TITLE STATEMENT
Title The fault in our stars /
Statement of responsibility, etc. John Green.
250 ## - EDITION STATEMENT
Edition statement 1st ed.
260 ## - PUBLICATION, DISTRIBUTION, ETC.
Place of publication, distribution, etc. New York :
Name of publisher, distributor, etc. Dutton Books,
Date of publication, distribution, etc. c2012.
300 ## - PHYSICAL DESCRIPTION
Extent 318 p. ;
Dimensions 22 cm.
520 ## - SUMMARY, ETC.
Summary, etc. Sixteen-year-old Hazel, a stage IV thyroid cancer patient, has accepted her terminal diagnosis until a chance meeting with a boy at cancer support group forces her to reexamine her perspective on love, loss, and life.
650 #1 - SUBJECT ADDED ENTRY--TOPICAL TERM
Topical term or geographic name entry element Cancer
Form subdivision Fiction.
650 #1 - SUBJECT ADDED ENTRY--TOPICAL TERM
Topical term or geographic name entry element Terminally ill
Form subdivision Fiction.
650 #1 - SUBJECT ADDED ENTRY--TOPICAL TERM
Topical term or geographic name entry element Love
Form subdivision Fiction.
942 ## - ADDED ENTRY ELEMENTS (KOHA)
Source of classification or shelving scheme Dewey Decimal Classification
Koha item type Books
Koha issues (borrowed), all copies 70
Holdings
Withdrawn status Lost status Source of classification or shelving scheme Damaged status Not for loan Home library Current library Shelving location Date acquired Cost, normal purchase price Total Checkouts Full call number Barcode Checked out Date last seen Date last checked out Copy number Price effective from Koha item type Total Renewals
    Dewey Decimal Classification     JCC Rouf Library JCC Rouf Library General Stacks 07/28/2018 798.00 35 813.6 GRE 2012 14202 02/24/2026 01/29/2026 01/29/2026 C-1 07/28/2018 Books  
    Dewey Decimal Classification     JCC Rouf Library JCC Rouf Library General Stacks 08/09/2018 399.00 39 813.6 GRE 2012 14442   11/13/2025 11/05/2025 C-2 08/09/2018 Books  
    Dewey Decimal Classification     JCC Rouf Library JCC Rouf Library General Stacks 08/09/2018 399.00 27 813.6 GRE 2012 14441   02/05/2026 01/29/2026 C-3 08/09/2018 Books 1

JCC Library | Contacts | JCC Home

Last Update on 23 September 2017
Copyright @ 2017-2020 JCC Rouf Library
Rouf Library, Jhenidah Cadet College (JCC), Bangladesh